00562nam a2200193Ia 4500003000900000008004100009020001800050040001600068080002300084100001700107245006500124260004800189300001300237490002600250650004100276650002400317650001300341650001400354IN-BaIIA211028s9999 xx 000 0 eng d a0-521-35062-X cIIA Library a082.2:52bIAU-C101 aRoger, R. S. 0aSupernova remnants and the interstellar mediumc R. S. Roger aCambridgebCambridge University Pressc1988 ax, 540p. aIAU Colloquium no.101 aAstronomy and Astrophysics thesaurus aInterstellar matter aRemnants aSupernova